Statistics for Oklahoma City Thunder: All-Star Selections

Click here to take the quiz!

General Stats

  • This quiz has been taken 255 times
    (118 since last reset)
  • The average score is 10 of 25

Answer Stats

Amount of SelectionsPlayer% Correct
8Russell Westbrook
100%
7Kevin Durant
99%
9Gary Payton
94%
5Shawn Kemp
88%
2Shai Gilgeous-Alexander
77%
2Paul George
68%
4Ray Allen
57%
1Chris Paul
53%
6Jack Sikma
46%
2Dennis Johnson
44%
2Gus Williams
35%
2Detlef Schrempf
32%
1Dale Ellis
24%
1Xavier McDaniel
22%
1Rashard Lewis
21%
1Fred Brown
19%
4Spencer Haywood
18%
1Tom Chambers
18%
1Vin Baker
18%
3Lenny Wilkens
11%
1David Thompson
7%
1Bob Rule
3%
1Lonnie Shelton
3%
1Paul Westphal
3%
1Walt Hazzard
3%

Score Distribution

Percentile by Number Answered

Percent of People with Each Score

Your Score History

You have not taken this quiz since the last reset